Spon's architects' and builders' price book 2020 (Record no. 121213)
[ view plain ]
| 000 -LEADER | |
|---|---|
| fixed length control field | 01218cam a22002535a 4500 |
| 001 - CONTROL NUMBER | |
| control field | K121213 |
| 008 - FIXED-LENGTH DATA ELEMENTS--GENERAL INFORMATION | |
| fixed length control field | 181018s2019 xxk f 000 0 eng d |
| 020 0# - INTERNATIONAL STANDARD BOOK NUMBER | |
| ISBN | 9780367267032 |
| 035 ## - SYSTEM CONTROL NUMBER | |
| System control number | (Sirsi) u160178 |
| 041 0# - LANGUAGE CODE | |
| Language code of text/sound track or separate title | eng |
| 050 04 - Library of Congress Classification | |
| Class mark | 692.5 |
| 110 2# - MAIN ENTRY--CORPORATE NAME | |
| Corporate author | AECOM |
| 245 00 - TITLE STATEMENT | |
| Title | Spon's architects' and builders' price book 2020 |
| 250 ## - EDITION | |
| Edition statement | 145th ed. |
| 260 ## - PUBLICATION INFORMATION | |
| Place of publication | London |
| Publisher | CRC Press Inc |
| -- | Taylor & Francis |
| Date | 2019 |
| 520 ## - ABSTRACT | |
| Abstract | Provides comprehensive construction price information for the UK. General information includes capital allowances, VAT, Aggregates Levy, land remediation, landfill tax, property insurance and a range of indices including building costs and tender prices and location factors. Includes rates of wages and labour, approximate estimating. prices for measured works, fees for professional services, prices for measured works, fees for professional services and , daywork and prime cost Concludes with useful conversion tablers and formulae. |
| 520 ## - ABSTRACT | |
| Abstract | Supersedes 144th ed ISBN 9680429464492 |
| 590 ## - LOCAL NOTE (RLIN) | |
| Local note | KA |
| 651 #4 - SUBJECT ADDED ENTRY--GEOGRAPHIC NAME | |
| Geographic name | United Kingdom |
| 690 ## - BROAD SUBJECT | |
| Broad subject | Construction management |
| 9 (RLIN) | 6230 |
| 690 ## - BROAD SUBJECT | |
| Broad subject | Cost management |
| 9 (RLIN) | 6233 |
| 690 ## - BROAD SUBJECT | |
| Broad subject | Building materials and defects |
| 942 ## - ADDED ENTRY ELEMENTS (KOHA) | |
| Suppress in OPAC | Do not suppress in OPAC |
| Lost status | Damaged status | Not for loan | Home library | Current library | Shelving location | Date acquired | Total Checkouts | Date last seen | Price effective from | Koha item type |
|---|---|---|---|---|---|---|---|---|---|---|
| London | London | Basement | 28/02/2020 | 28/02/2020 | 28/02/2020 | Book |